000 00771cam a2200253 a 4500
001 000010115
005 20200929161841.0
008 720502s1971 sp 001 0 spa
035 _a(OCoLC)299313
040 _aDO-SdBNP
_cOKentU
_dDLC
042 _apremarc
082 _a861.64
_bM973e, 1971
100 1 _aMurciano, Carlos
_d1931-
_925113
245 1 0 _aEste claro silencio /
_cCarlos Murciano.
260 _aMadrid :
_bCultura Hispánica,
_c1971.
300 _a73 p. ;
_c21 cm.
490 1 _aPoética Leopoldo Panero
_v16
586 _aPremio Nacional de Literatura, 1970
650 4 _aPoesía española
_9631
650 4 _aLiteratura española
_9632
830 0 _aPoética Leopoldo Panero ;
_v16
_914647
910 _aCatalogación por copia / LC
049 _aBNGR
999 _c9874
_d9874